| 000 | 00675nam a2200277Ia 4500 | ||
|---|---|---|---|
| 008 | 171025s9999 xx 000 0 und d | ||
| 020 | _a9780593051405 | ||
| 050 | _a796.33 | ||
| 050 | _bL415 2003 | ||
| 100 | _aLaw, Denis | ||
| 245 | 4 | _aThe king / | |
| 245 | _cby Denis Law and Bob Harris. | ||
| 260 | _aLondon : | ||
| 260 | _bBantam Press, | ||
| 260 | _c2003 | ||
| 300 | _a308 pages : | ||
| 300 | _billustrations ; | ||
| 300 | _c23cm. | ||
| 500 | _aIncludes index. | ||
| 650 | _aSoccer players -- | ||
| 650 | _aSoccer players -- | ||
| 650 | _xEngland -- Biography. | ||
| 650 | _xScotland -- Biography. | ||
| 700 | _aHarris, Bob. | ||
| 700 | _aTitle. | ||
| 999 |
_c344896 _d344896 |
||